| 000 | 00441nam a22001697a 4500 | ||
|---|---|---|---|
| 003 | NUST - PNEC | ||
| 005 | 20170116181031.0 | ||
| 008 | 150919b xxu||||| |||| 00| 0 eng d | ||
| 020 | _a- | ||
| 040 | _cLIBRARY | ||
| 082 | _a621.433 VIN | ||
| 100 |
_911069 _aVincent, E. T. |
||
| 245 |
_aThe theory and design of gas turbines and jet engines. _cE. T. Vincent |
||
| 260 | _cc.1950 | ||
| 650 |
_911071 _aGas-turbines _xME |
||
| 942 |
_2ddc _cBK |
||
| 999 |
_c67726 _d67726 |
||